000 00385nam a2200157Ia 4500
008 210716s2005 xx 000 0 und d
020 _a9788132202561
041 _aeng
082 _a003 DAGC
100 _aDaganzo, Carlos F.
245 _aLogistics systems analysis.
250 _a4
260 _aNew Delhi
_bSpringer
_c2005
300 _axvii,296
650 _aOperations Research
999 _c193324
_d193324